|
|
|
|
| LEADER |
00000nam0a2200000 4500 |
| 001 |
310278 |
| 005 |
20231101012904.0 |
| 035 |
|
|
|a (RuTPU)RU\TPU\book\335627
|
| 090 |
|
|
|a 310278
|
| 100 |
|
|
|a 20151123d1895 km y0rusy50 ca
|
| 101 |
0 |
|
|a rus
|
| 102 |
|
|
|a RU
|
| 105 |
|
|
|a y z 000zy
|
| 200 |
1 |
|
|a К вопросу о развитии монистического взгляда на историю. Ответ гг. Михайловскому, Карееву и комп.
|f Н. Бельтов
|
| 210 |
|
|
|a Санкт-Петербург
|c Типография И. Н. Скороходова
|d 1895
|
| 215 |
|
|
|a [4], 288 с.
|
| 316 |
|
|
|5 63413507: 74//210
|a С автографом автора. Во владельческом переплете.
|
| 317 |
|
|
|5 63413507: 74//210
|a Поступила в НТБ в 1905 г. в составе книжного собрания Н. А. Сборовского.
|
| 320 |
|
|
|a Библиогр. в примеч.
|
| 610 |
1 |
|
|a философия
|
| 610 |
1 |
|
|a исторические типы
|
| 610 |
1 |
|
|a философские направления
|
| 610 |
1 |
|
|a политическая философия
|
| 610 |
1 |
|
|a русская философия
|
| 610 |
1 |
|
|a история
|
| 610 |
1 |
|
|a 18 век
|
| 610 |
1 |
|
|a утопический социализм
|
| 610 |
1 |
|
|a немецкая философия
|
| 610 |
1 |
|
|a коллекция Н. А. Сборовского
|
| 610 |
1 |
|
|a владельческие знаки
|
| 686 |
|
|
|a Ю3
|v LBC/SL-A
|2 rubbk
|
| 700 |
|
1 |
|a Бельтов
|b Н.
|c псевдоним Г. В. Плеханова
|
| 801 |
|
1 |
|a RU
|b 63413507
|c 20151123
|
| 801 |
|
2 |
|a RU
|b 63413507
|c 20170320
|g RCR
|
| 942 |
|
|
|c BK
|